Central Library OPAC University of Rajshahi

Physical chemistry of surfaces / (Record no. 10818)

MARC details
000 -LEADER
fixed length control field 00748nam a22002411 4500
001 - CONTROL NUMBER
control field 10818
003 - CONTROL NUMBER IDENTIFIER
rucl marc code BD-RjUL
005 - DATE AND TIME OF LATEST TRANSACTION
control field 20211208235024.0
008 - FIXED-LENGTH DATA ELEMENTS--GENERAL INFORMATION
fixed length control field 140125r1966 nyua b 001 0 eng
035 ## - SYSTEM CONTROL NUMBER
System control number (BD-RjUL)10867
040 ## - CATALOGING SOURCE
Original cataloging agency DLC/ICU
Transcribing agency ICU
Modifying agency DLC
-- BD-RjUL
Language of cataloging eng
041 ## - LANGUAGE CODE
Language code of text/sound track or separate title eng
082 00 - DEWEY DECIMAL CLASSIFICATION NUMBER
Classification number 541.3453
Author mark and year ADP 1966
100 1# - MAIN ENTRY--PERSONAL NAME
Personal name Adamson, Arthur W.
9 (RLIN) 33446
245 10 - TITLE STATEMENT
Title Physical chemistry of surfaces /
Statement of responsibility, etc. Arthur W. Adamson
260 ## - PUBLICATION, DISTRIBUTION, ETC. (IMPRINT)
Place of publication, distribution, etc. New York :
Name of publisher, distributor, etc. Interscience Publishers,
Date of publication, distribution, etc. c1960 [Reprinted 1966].
300 ## - PHYSICAL DESCRIPTION
Pagination xiv, 629 p. :
Illustrations illus. ;
Size 23 cm.
504 ## - BIBLIOGRAPHY, ETC. NOTE
Bibliography, etc Includes bibliography and index.
650 #0 - SUBJECT ADDED ENTRY--TOPICAL TERM
Topical term or geographic name as entry element Surface chemistry.
9 (RLIN) 33447
Topical term or geographic name as entry element Chemistry, Physical and theoretical.
9 (RLIN) 33448
942 ## - ADDED ENTRY ELEMENTS (KOHA)
Source of classification or shelving scheme Dewey Decimal Classification
Koha item type Books
Holdings
Lost status Source of classification or shelving scheme Damaged status Not for loan Collection code Permanent Location Current Location Shelving location Date acquired Source of acquisition Cost, normal purchase price Total Checkouts Full call number Date last seen Date checked out Copy number Koha item type
  Dewey Decimal Classification     Non-fiction Central Library, University of Rajshahi Central Library, University of Rajshahi   28/11/1967 Sweet + Zeithlinger 108.00 1 541.3453 ADP 1966 15/02/2016 22/12/2015 C-8 Books
  Dewey Decimal Classification     Non-fiction Central Library, University of Rajshahi Central Library, University of Rajshahi   29/01/1963 Zetlinger 96.00   541.3453 ADP 1960 05/03/2014   C-3 Books
  Dewey Decimal Classification     Non-fiction Central Library, University of Rajshahi Central Library, University of Rajshahi   28/11/1967 Zeith 108.00   541.3453 ADP 1966 17/07/2016   C-2 Books
  Dewey Decimal Classification   Not For Loan Non-fiction Central Library, University of Rajshahi Central Library, University of Rajshahi Reading Room 02/02/1963 Zeitlinger 96.00   541.3453 ADP 1966 06/06/2017   C-1 Books
  Dewey Decimal Classification     Non-fiction Central Library, University of Rajshahi Central Library, University of Rajshahi   02/02/1963 Zeitlinger 96.00   541.3453 ADP 1960 06/06/2017   C-5 Books
  Dewey Decimal Classification     Non-fiction Central Library, University of Rajshahi Central Library, University of Rajshahi   26/01/1963 Zeitlinger 96.00   541.3453 ADP 1966 08/06/2017   C-6 Books
  Dewey Decimal Classification     Non-fiction Central Library, University of Rajshahi Central Library, University of Rajshahi   26/01/1963 Zeitlinger 96.00   541.3453 ADP 1966 08/06/2017   C-7 Books
  Dewey Decimal Classification     Non-fiction Central Library, University of Rajshahi Central Library, University of Rajshahi   28/11/1967 Sweets & Zuitlinger 108.00   541.3453 ADP 1966 08/06/2017   C-9 Books
  Dewey Decimal Classification     Non-fiction Central Library, University of Rajshahi Central Library, University of Rajshahi   28/11/1967 Sweets & Zuitlinger 108.00   541.3453 ADP 1966 12/06/2017   C-4 Books
  Dewey Decimal Classification     Non-fiction Central Library, University of Rajshahi Central Library, University of Rajshahi   28/11/1967 Sweets & Zuitlinger 108.00   541.3453 ADP 1963 12/06/2017   C-10 Books